América Latina: las obras hidroeléctricas sobre el Parana y los problemas de integración
Gardado en:
| Formato: | Texto |
|---|---|
| Materias: | |
| Etiquetas: |
Engadir etiqueta
Sen Etiquetas, Sexa o primeiro en etiquetar este rexistro!
|
MARC
| LEADER | 00000 a a2200000 04500 | ||
|---|---|---|---|
| 001 | 17571 | ||
| 003 | |||
| 040 | |||
| 245 | |a América Latina: |b las obras hidroeléctricas sobre el Parana y los problemas de integración | ||
| 650 | |a ENERGIA HIDROELECTRICA | ||
| 650 | |a AMERICA DEL SUR | ||
| 773 | |g volumen 1, número 30; páginas 163 | ||
| 999 | |c 24460 |d 24460 | ||
| 773 | 0 | |0 42391 |9 3939 |a Agencia Latinoamericana de Información, ALAI |d Quito, Ecuador: ALAI |o 03983 |t ALAI: |x 08275564 (Servicio mensual de información y documentación) | |
